| 000 | 01188nam a22003017a 4500 | ||
|---|---|---|---|
| 001 | 6533 | ||
| 003 | FISKH | ||
| 005 | 20260319150022.0 | ||
| 008 | 250508b cb ||||| |||| 00| 0 eng d | ||
| 020 | _a9780545341073 | ||
| 040 |
_aFISKH _beng _cFISKH _dFISKH |
||
| 050 | _aPZ7 .T3389 | ||
| 082 | _a843.914 | ||
| 100 |
_aStilton, Geronimo _d(1958-) |
||
| 245 |
_aThea Stilton and the secret of the old castle / _cGeronimo Stilton |
||
| 250 | _aThis edition first published in 2009 | ||
| 260 |
_aNew York : _bScholastic, _c2009 |
||
| 300 |
_a159 pages : _bcolor illustrations ; _c20 cm |
||
| 505 | _aR | ||
| 520 | _a"When the Thea Sisters' friend Bridget returns to Scotland for a family emergency, the five mice offer to help. And when Bridget goes missing, they have to rush to Scotland to find her! Along the way, the Thea Sisters encounter Celtic legends, cryptic messages, and hidden treasures on a trip that's full of surprises!" -- p. [4] of cover. | ||
| 521 | 8 |
_a700
_bLexile |
|
| 521 | 8 |
_aR
_bRaz-Plus |
|
| 650 |
_2Middle grade _aMystery |
||
| 650 |
_2Chapter book _aAdventures |
||
| 700 |
_aBrandi, Jacopo _dillustrator |
||
| 942 |
_2ddc _cBK _n0 |
||
| 999 |
_c6533 _d6533 |
||